| 000 -LEADER |
| fixed length control field |
00336cam a22001217a 4500 |
| 008 - FIXED-LENGTH DATA ELEMENTS--GENERAL INFORMATION |
| fixed length control field |
180718b1891 xxu||||| |||| 00| 0 eng d |
| 082 ## - DEWEY DECIMAL CLASSIFICATION NUMBER |
| Classification number |
A6x56 M896 |
| 100 ## - MAIN ENTRY--PERSONAL NAME |
| Personal name |
Muir, William |
| 245 ## - TITLE STATEMENT |
| Title |
The Caliphate: its rise, decline, and fall |
| Statement of responsibility, etc. |
by William Muir |
| 260 ## - PUBLICATION, DISTRIBUTION, ETC. |
| Place of publication, distribution, etc. |
London |
| Name of publisher, distributor, etc. |
Society |
| Date of publication, distribution, etc. |
1891 |
| 300 ## - PHYSICAL DESCRIPTION |
| Extent |
608p. |
| 650 ## - SUBJECT ADDED ENTRY--TOPICAL TERM |
| Topical term or geographic name entry element |
Mohammedan Empire |